000 00327nam a22001337a 4500
008 170530b xxu||||| |||| 00| 0 eng d
020 _a9780812925234
041 _aeng
080 _a94
100 _a17
101 _aSHH
245 _aIN RETROSPECT THE TRAGEDY AND LESSONS OF VIETMAN
_cVANDEMARE.B
942 _2udc
_cBK
999 _c15046
_d15046